| 000 | 00428nam a22001697a 4500 | ||
|---|---|---|---|
| 003 | OSt | ||
| 008 | 220826b ||||| |||| 00| 0 eng d | ||
| 020 | _a817100962x | ||
| 082 | _a658.421 BHE | ||
| 100 | _aBHATIA,B.S. | ||
| 245 | _aEntrepreneurship Development & Small Business Management | ||
| 250 | _aRep | ||
| 260 |
_aNew Delhi _bDeep & Deep Publication _c2007 |
||
| 300 | _a272 | ||
| 700 | _aBATRA,G.S. | ||
| 942 |
_2ddc _cBK |
||
| 999 |
_c11490 _d11490 |
||